Statistics for Most Common U.S. Last Names - Extreme

Click here to take the quiz!

General Stats

  • This quiz has been taken 42,448 times
  • The average score is 100 of 500

Answer Stats

# Name % Correct
2,376,206Smith
95%
1,857,160Johnson
83%
1,362,755Jones
73%
1,380,145Brown
72%
666,125Jackson
70%
150,186Black
70%
77,453Le
70%
639,515White
70%
1,534,042Williams
68%
233,224James
62%
413,477Green
61%
413,086Adams
59%
605,860Lee
57%
163,036Washington
56%
710,696Thomas
54%
593,542Harris
54%
672,711Martin
53%
783,051Wilson
53%
762,394Anderson
51%
366,215Roberts
51%
720,370Taylor
51%
1,127,803Miller
50%
1,072,335Davis
50%
134,231Peters
50%
644,368Thompson
48%
81,524Bush
47%
175,577Harrison
46%
362,548Carter
46%
171,636Kennedy
45%
125,653Richards
45%
81,890Park
45%
804,240Rodriguez
44%
178,397Ford
44%
438,986King
43%
65,719Chan
42%
65,918Frank
42%
102,044Davidson
41%
176,094McDonald
41%
275,041Peterson
41%
509,930Lewis
41%
72,248Paul
40%
548,369Clark
40%
621,536Lopez
40%
181,417Stevens
40%
858,289Garcia
39%
236,713Gray
39%
247,299Wood
39%
129,320Andrews
38%
775,072Martinez
38%
119,778George
38%
134,034Grant
38%
150,299Robertson
37%
188,464West
37%
706,372Hernandez
37%
324,246Parker
37%
270,097Cooper
37%
465,948Young
37%
411,770Hill
37%
463,368Allen
36%
249,533Richardson
36%
413,351Baker
36%
62,534Tyler
35%
317,070Edwards
35%
698,671Moore
35%
75,135Daniel
35%
158,241Simpson
34%
503,028Robinson
34%
311,754Morris
34%
124,839Matthews
34%
310,125Nguyen
33%
351,848Phillips
33%
197,212Jordan
32%
101,726May
32%
263,590Gomez
32%
501,307Walker
32%
342,237Evans
32%
420,091Scott
32%
138,776Daniels
31%
146,924Rose
31%
242,432Watson
31%
194,067Kim
31%
264,752Bell
31%
112,216Williamson
31%
260,385Kelly
31%
473,568Hall
31%
312,899Stewart
31%
441,242Sanchez
30%
220,902Sanders
30%
440,367Wright
30%
69,756Chang
30%
161,392Henry
30%
114,859Franklin
30%
597,718Gonzalez
30%
294,403Rogers
30%
412,236Nelson
29%
168,814Woods
29%
139,335Ryan
28%
317,848Collins
28%
138,742Stephens
28%
151,986Hunt
28%
254,779Howard
27%
149,802Stone
27%
219,961Ross
27%
212,644Perry
27%
294,795Cook
27%
113,892Carr
27%
187,793Cole
27%
367,433Mitchell
27%
72,892Stevenson
27%
223,494Long
26%
117,939Morrison
26%
300,501Murphy
26%
335,663Turner
26%
193,443Alexander
26%
276,400Morgan
26%
488,521Perez
26%
155,484Mason
26%
132,466Hart
26%
124,321Lawrence
26%
139,302Fernandez
25%
67,570Wang
25%
141,936Nichols
25%
388,987Ramirez
25%
210,279Fisher
25%
267,443Reed
25%
60,461Owen
25%
81,022Mann
25%
115,540Jacobs
25%
136,517Pierce
24%
125,627Willis
24%
128,794Ray
24%
156,848Porter
24%
128,935Johnston
24%
154,410Hunter
24%
147,357Fox
24%
371,953Campbell
24%
99,392Wong
24%
194,331Hamilton
24%
111,641Oliver
24%
105,544Chen
24%
104,281Walters
24%
210,094Henderson
24%
231,065Cruz
24%
71,103Potter
23%
194,074Graham
23%
115,385Obrien
23%
187,473Hayes
23%
229,390Hughes
23%
240,751Brooks
23%
60,999Marsh
23%
74,839Simon
22%
251,772Diaz
22%
77,561Ball
22%
119,604Greene
22%
96,425Douglas
22%
195,598Reynolds
22%
101,676Day
22%
190,760Wallace
22%
178,414Murray
22%
162,686Freeman
22%
170,635Wells
22%
80,030Joseph
21%
74,756Oconnor
21%
71,723Francis
21%
65,817Waters
21%
119,868Harper
21%
131,860Knight
21%
109,079Hanson
21%
253,771Cox
21%
150,166Holmes
21%
154,934Gordon
21%
183,761Bryant
21%
181,934Ellis
21%
162,153Burns
21%
198,557Patterson
21%
201,650Simmons
20%
147,909Mills
20%
176,334Owens
20%
265,916Bailey
20%
131,289Bradley
20%
129,982Armstrong
20%
129,405Berry
20%
145,565Schmidt
20%
109,230Dean
20%
221,040Foster
20%
228,756Price
20%
71,175Brady
20%
163,502Olson
20%
177,213Marshall
20%
147,906Warren
20%
149,664Meyer
20%
215,432Russell
20%
93,161Beck
20%
254,121Ward
20%
215,640Sullivan
19%
213,737Jenkins
19%
113,160Austin
19%
74,531Quinn
19%
239,055Bennett
19%
103,242Fields
19%
190,636Griffin
19%
145,066Patel
19%
84,233Benson
19%
62,034Leon
19%
193,934Gonzales
19%
100,491Newman
19%
120,124Carlson
19%
62,546Clarke
19%
210,879Butler
19%
72,642Singh
18%
130,793Hudson
18%
72,328Newton
18%
88,810Gregory
18%
59,843Lang
18%
86,346Parks
18%
80,190Dawson
18%
155,172Shaw
18%
100,417Lucas
18%
184,420Gibson
18%
163,481Webb
18%
69,279Blake
18%
210,426Barnes
18%
78,323Love
18%
208,624Coleman
18%
216,553Powell
17%
93,817Stanley
17%
112,136Harvey
17%
104,007Reid
17%
103,216Walsh
17%
102,718Little
17%
87,226Cohen
17%
115,186Lawson
17%
73,021Rodgers
17%
127,960Riley
17%
150,407Palmer
17%
68,309Farmer
17%
73,522Fitzgerald
17%
325,169Torres
17%
162,933Tucker
17%
127,073Carpenter
17%
224,824Myers
17%
134,443Spencer
17%
128,727Lane
17%
152,015Dixon
16%
136,315Arnold
16%
168,817Alvarez
16%
62,335Conner
16%
99,294Banks
16%
138,660Gardner
16%
85,212Norris
16%
85,221Barker
16%
89,178Lowe
16%
89,198Leonard
16%
83,437Terry
16%
146,440Rice
16%
175,429Ruiz
16%
72,627Yang
16%
74,784Dennis
16%
68,905Wolf
16%
121,064Larson
16%
67,154Mack
15%
112,332Jensen
15%
136,955Dunn
15%
112,144Montgomery
15%
71,344Curry
15%
312,615Flores
15%
76,114Chandler
15%
72,069Manning
15%
142,256Ferguson
15%
89,591Craig
15%
92,834Wade
15%
107,158Burton
15%
158,121Crawford
15%
79,685Klein
15%
212,905Gutierrez
15%
68,699Gill
15%
214,683Ortiz
15%
130,419Duncan
15%
133,474Hansen
15%
185,865Chavez
15%
299,463Rivera
15%
81,824Warner
14%
77,429Griffith
14%
86,228Watts
14%
65,269Norman
14%
61,805Norton
14%
64,576Logan
14%
63,149French
14%
81,035McCarthy
14%
76,608Hardy
14%
81,933Miles
14%
78,141Robbins
14%
59,801Pratt
14%
93,743Bates
14%
98,958Curtis
14%
132,457Elliott
14%
159,989Vasquez
14%
100,553Schneider
14%
112,736Mendez
14%
112,406Gilbert
14%
106,682Fuller
14%
119,175Burke
13%
106,481McCoy
13%
154,516Wagner
13%
157,475Jimenez
13%
80,944Zimmerman
13%
80,936Erickson
13%
80,932Fletcher
13%
126,951Perkins
13%
107,244Sims
13%
232,511Reyes
13%
132,645Hoffman
13%
77,492Cortez
13%
107,866Weber
13%
70,997Walton
13%
75,135Blair
13%
114,034Bishop
13%
124,614Chapman
13%
73,750Moss
13%
71,482Goodman
13%
98,728Pearson
13%
193,096Ramos
13%
61,154Lloyd
13%
94,300Keller
13%
87,038Jennings
13%
138,028Payne
13%
133,254Castro
13%
107,777Garrett
12%
138,811Weaver
12%
134,066Hawkins
12%
136,095Tran
12%
90,401Powers
12%
90,325Chambers
12%
104,962Schultz
12%
137,555Kelley
12%
76,504Barber
12%
79,817Reeves
12%
159,363Snyder
12%
69,257Malone
12%
109,634Howell
12%
70,095Fischer
12%
94,603Hopkins
12%
75,134Cross
12%
121,684Wheeler
12%
67,210Saunders
12%
64,305Mueller
12%
72,052Garner
12%
217,642Morales
12%
63,825Buchanan
12%
66,622Barton
12%
61,747Flynn
12%
82,955Hale
12%
131,896Cunningham
12%
84,699Schwartz
12%
149,476Boyd
12%
83,849Neal
12%
165,473Castillo
11%
76,625Ramsey
11%
71,754Reese
11%
76,539Swanson
11%
73,518Doyle
11%
76,868Sharp
11%
61,400Yates
11%
168,567Mendoza
11%
90,967Santiago
11%
114,448Lynch
11%
61,750Pope
11%
122,447Watkins
11%
79,151Baldwin
11%
69,840Sherman
11%
153,618Hicks
11%
85,037Vaughn
11%
65,779Maxwell
11%
84,710Holt
11%
84,353Steele
11%
98,993Santos
11%
66,203Parsons
11%
99,885Holland
11%
90,208Nunez
11%
131,020Carroll
11%
63,739Cobb
11%
102,620Fowler
11%
126,164Silva
11%
80,493Page
11%
95,896Barrett
11%
105,804Welch
11%
88,114Becker
11%
68,785Juarez
11%
140,786Herrera
10%
153,772Romero
10%
69,810Todd
10%
64,141Floyd
10%
71,925McGee
10%
70,123Webster
10%
66,205Rowe
10%
67,208Tate
10%
62,514Gibbs
10%
64,815Casey
10%
83,523Horton
10%
88,917Rhodes
10%
83,112Wolfe
10%
93,131Ortega
10%
87,728Vega
10%
100,465Brewer
10%
92,287Barnett
10%
74,285Gross
10%
90,618Lambert
10%
79,951Marquez
10%
83,731Dominguez
10%
146,088Moreno
10%
68,075Gallagher
9%
88,811Byrd
9%
82,037Haynes
9%
67,063Hammond
9%
82,179Graves
9%
72,414Harmon
9%
82,258Lyons
9%
65,802Osborne
9%
84,926Vazquez
9%
98,610Valdez
9%
86,317McDaniel
9%
96,569Rios
9%
63,827Hartman
9%
87,949Fleming
9%
63,023Kramer
9%
102,239Bowman
9%
61,651Hogan
9%
76,707Cummings
9%
123,952Vargas
9%
78,107Higgins
9%
106,631Soto
9%
88,326Shelton
8%
76,477Acosta
8%
66,378Hampton
8%
64,180Glover
8%
126,399Aguilar
8%
76,127Luna
8%
70,333Goodwin
8%
113,468Salazar
8%
71,144Christensen
8%
59,949Pham
8%
62,116McGuire
8%
117,774Munoz
8%
65,131Harrington
8%
91,338Caldwell
8%
66,665Ingram
8%
64,772Patton
8%
66,738Wise
8%
88,325Frazier
8%
94,152Guerrero
8%
62,663McCormick
8%
68,046Duran
8%
118,390Guzman
8%
73,128McLaughlin
8%
81,191Thornton
8%
77,078Bowen
8%
60,874McBride
8%
66,853Townsend
8%
98,345Pena
8%
62,234Sparks
7%
64,496Bowers
7%
124,130Garza
7%
87,373Sutton
7%
68,868Hodges
7%
71,528Adkins
7%
98,675Delgado
7%
73,970Navarro
7%
60,045Solis
7%
61,979Bauer
7%
139,353Medina
7%
67,646Miranda
7%
61,199Lindsey
7%
92,831Estrada
7%
78,546Moran
7%
68,145Hines
7%
80,616McKinney
7%
70,286Mullins
7%
66,412Schroeder
6%
62,344Moody
6%
67,923Cannon
6%
73,071Rojas
6%
71,604Burgess
6%
70,211Molina
6%
69,843Avila
6%
79,322Espinoza
6%
93,723Alvarado
6%
65,814Strickland
6%
65,598Deleon
6%
88,016Maldonado
6%
67,054Carrillo
5%
81,805Padilla
5%
61,619Robles
5%
96,303Sandoval
5%
92,660Contreras
5%
66,534Mejia
5%
68,021Hubbard
5%
66,515Ayala
5%
72,533Figueroa
5%
69,950Campos
5%
61,582Salinas
5%

Score Distribution

Percentile by Number Answered

Percent of People with Each Score

Your Score History

You have not taken this quiz